Stone Roses ~ Made of Stone - Statistics

General Stats
  • This quiz has been taken 32 times
    26 since last reset
  • The average score is 138 of 219
Answer Stats
Answer % Correct
You
100%
you
100%
a
95%
are
90%
Are
90%
I
90%
and
85%
And
85%
made
85%
so
85%
stone
85%
the
85%
The
85%
cold
80%
lonely
80%
me
80%
of
80%
streets
80%
they
80%
When
80%
be
75%
Your
75%
your
75%
below
70%
cars
70%
fantasize
70%
all
65%
alone
65%
Is
65%
Sometimes
65%
anybody
60%
burn
60%
home
60%
on
60%
can
55%
Don't
55%
eyes
55%
can't
50%
fill
50%
Fill
50%
final
50%
times
50%
At
45%
at
45%
delayed
45%
flight
45%
knuckles
45%
see
45%
these
45%
wheel
45%
go
40%
hands
40%
last
40%
No
40%
have
35%
in
35%
lips
35%
scream
35%
fall
30%
feel
30%
I'm
30%
let
30%
sky
30%
that
30%
thing
30%
will
30%
as
25%
fat
25%
life
25%
love
25%
money
25%
scene
25%
back
20%
dies
20%
least
20%
left
20%
Now
20%
pink
20%
standing
20%
Ten
20%
whiten
20%
against
15%
Bad
15%
far
15%
flames
15%
fry
15%
grills
15%
hold
15%
it's
15%
just
15%
serene
15%
style
15%
taken
15%
twisted
15%
melt
10%
warm
10%
earth
5%
grin
0%
No matching quizzes found
Score Distribution
Percent of People with Each Score
Percentile by Number Answered
Your Score History
You have not taken this quiz since the last reset